000 00739nam a22002177a 4500
003 UA-OsUOA
001 114655
007 ta
008 20151116b un ||||| |||| 00| 0 ukr d
100 _aМилашевський О.С.
090 _a902
_bМ60
942 _cSA
040 _aUA-OsUOA
_bfre
_cUA-OsUOA
_dUA-OsUOA
245 _aЛіпна кераміка північно-західного походження у матеріалах черняхівської культури: історіографія питання
300 _aС.129-135
955 _a0
041 _afre
080 _a902
773 0 _w114643
_tАрхеологія
_dК.
_d2015
_g3
650 7 _a9 Географія. Біографії. Історія
_2UDC
999 _c400801
_d400801